Normal view
MARC view
Entry Topical Term
001 - CONTROL NUMBER
- control field: 11536
003 - CONTROL NUMBER IDENTIFIER
- control field: ARRUPE
005 - DATE AND TIME OF LATEST TRANSACTION
- control field: 20140924133125.0
008 - FIXED-LENGTH DATA ELEMENTS
- fixed length control field: 140924|| aca||aabn | a|a d
040 ## - CATALOGING SOURCE
- Original cataloging agency: ARRUPE
- Transcribing agency: ARRUPE
150 ## - HEADING--TOPICAL TERM
- Topical term or geographic name as entry element: Sermons, American.
670 ## - SOURCE DATA FOUND
- Source citation: Work cat.: (ARRUPE)0: Burghardt, Walter J. 11535, Grace on crutches :, c1986.